Battle-wise : (Record no. 217055)

000 -LEADER
fixed length control field 00640 a2200157 4500
003 - CONTROL NUMBER IDENTIFIER
control field Nust
005 - DATE AND TIME OF LATEST TRANSACTION
control field 20170207171532.0
022 ## - INTERNATIONAL STANDARD SERIAL NUMBER
International Standard Serial Number 1579060722
040 ## - CATALOGING SOURCE
Transcribing agency Nust
082 ## - DEWEY DECIMAL CLASSIFICATION NUMBER
Classification number 355.3
100 ## - MAIN ENTRY--PERSONAL NAME
Personal name Gompert, David C.
245 ## - TITLE STATEMENT
Title Battle-wise :
Remainder of title seeking time-information superiority in networked warfare
Medium David C. Gompert, Irving Lachow, and Justin Perkins
260 ## - PUBLICATION, DISTRIBUTION, ETC.
Place of publication, distribution, etc. Services Book Club
Name of publisher, distributor, etc. GHQ Rawalpindi
Date of publication, distribution, etc. 2014
300 ## - PHYSICAL DESCRIPTION
Extent 174 p
650 ## - SUBJECT ADDED ENTRY--TOPICAL TERM
Topical term or geographic name entry element Command and control systems --United States.
Location of event Information warfare --United States.
General subdivision Operational art (Military science)
Chronological subdivision Computer networks --United States.
Geographic subdivision Military art and science --Automation
942 ## - ADDED ENTRY ELEMENTS (KOHA)
Source of classification or shelving scheme
Koha item type Book
Holdings
Withdrawn status Lost status Source of classification or shelving scheme Damaged status Not for loan Collection code Permanent Location Current Location Date acquired Total Checkouts Full call number Barcode Date last seen Price effective from Koha item type
            Military College of Signals (MCS) Military College of Signals (MCS) 12/12/2016   355.3 GOM MCS37324 12/08/2016 12/12/2016 Book
            Military College of Signals (MCS) Military College of Signals (MCS) 12/12/2016   355.3 GOM MCS37361 12/08/2016 12/12/2016 Book
© 2023 Central Library, National University of Sciences and Technology. All Rights Reserved.